[Event "EWIBCC 2019"]
[Site "Monte-Carlo"]
[Date "2019.11.29"]
[Round "2.10"]
[White "Girya, Olga"]
[Black "Solozhenkina, Elizaveta"]
[Result "1-0"]
[WhiteElo "2476"]
[BlackElo "2314"]
[Annotator "TA"]
[PlyCount "54"]
[EventDate "2019.11.29"]
[EventType "swiss"]
[EventCountry "MNC"]
[SourceTitle "playchess.com"]
[Source "ChessBase"]
[SourceQuality "1"]

{[%evp 18,54,0,0,32,23,43,-27,-12,-10,-4,-11,-8,-139,-6,-5,-14,-94,-7,-11,8,2,4,14,21,15,60,51,81,0,0,5,200,197,237,232,287,270,353]} 1. d4 Nf6 2. c4 g6 3. Nc3 d5 4. cxd5 Nxd5 5. e4 Nxc3 6. bxc3 Bg7 7. Nf3 c5 8. h3 O-O 9. Be3 Nc6 10. Be2 Qa5 {[#] Threatens to win with ...cxd4. D85: Exchange Grünfeld: Unusual White 7th moves and lines with 7 Nf3} (10... cxd4 11. cxd4 f5 12. Bc4+ Kh8 13. O-O f4 14. Bc1 Nxd4 15. Ba3 Qa5 16. Bxe7 Re8 17. Bd6 Rxe4 18. Rc1 {0-1 (79) Van Foreest,J (2618)-Vachier Lagrave,M (2780) La Roche sur Yon 2019}) 11. O-O Rd8 12. Qb3 $146 (12. d5 $14) ({Predecessor:} 12. a4 e6 13. Rc1 Bd7 14. Qb3 Qb6 15. Qxb6 axb6 16. Rb1 Be8 17. e5 cxd4 18. cxd4 Rxa4 19. Rxb6 {½-½ (43) Kunin,V (2595)-Fier,A (2568) Netherlands 2017}) 12... cxd4 $11 {Black has an edge.} 13. cxd4 Nxd4 14. Nxd4 Bxd4 15. Bc4 (15. Bxd4 $11 {keeps the balance.} Rxd4 16. Bc4) 15... e6 (15... Bxa1 $17 16. Rxa1 Qe5 17. Bxf7+ Kg7) 16. Bxd4 $1 Rxd4 17. Rad1 (17. Rfd1 $11 Rxe4 18. Rac1) 17... Rxd1 (17... Rxe4 $17 18. Qf3 Rxc4) 18. Rxd1 b5 (18... Qc7 {looks sharper.} 19. Qd3 Kg7 20. Qc3+ e5 21. Rc1 Bd7) 19. Qxb5 Qxb5 20. Bxb5 {[%mdl 4096] Endgame KRB-KRB} Bb7 21. f3 Rb8 {Black wants to play ...Bxe4.} 22. a4 a6 {[#]} 23. Be2 (23. Bf1 $1 $16 {Black must now prevent Rb1.} Bc6 24. a5) 23... Bc6 24. a5 Rb2 $2 (24... Bb5 $11 25. Rb1 Kf8) 25. Bxa6 $18 Ra2 26. Rd6 Ba4 27. Bc4 Ra1+ {Accuracy: White = 38%, Black =  8%.} 1-0

[Event "EWIBCC 2019"]
[Site "Monte-Carlo"]
[Date "2019.11.29"]
[Round "2.11"]
[White "Bulmaga, Irina"]
[Black "Muetsch, Annmarie"]
[Result "1-0"]
[WhiteElo "2435"]
[BlackElo "2240"]
[Annotator "ChessBase"]
[PlyCount "53"]
[EventDate "2019.11.29"]
[EventType "swiss"]
[EventCountry "MNC"]
[SourceTitle "playchess.com"]
[Source "ChessBase"]
[SourceQuality "1"]
[TimeControl "180+2"]

1. e4 {[%emt 0:00:00]} c5 {[%emt 0:00:00]} 2. Nf3 {[%emt 0:00:02]} e6 {[%emt 0:00:01]} 3. d4 {[%emt 0:00:01]} cxd4 {[%emt 0:00:01]} 4. Nxd4 {[%emt 0:00:01]} Nc6 {[%emt 0:00:01]} 5. Nc3 {[%emt 0:00:02]} Qc7 {[%emt 0:00:01]} 6. Be2 {[%emt 0:00:01]} a6 {[%emt 0:00:01]} 7. Be3 {[%emt 0:00:03]} Nf6 {[%emt 0:00:02]} 8. O-O {[%emt 0:00:04]} Be7 {[%emt 0:00:01]} 9. f4 {[%emt 0:00:04]} d6 {[%emt 0:00:02]} 10. Kh1 {[%emt 0:00:01]} O-O {[%emt 0:00:02]} 11. Qe1 {[%emt 0:00:02]} Nxd4 {[%emt 0:00:06]} 12. Bxd4 {[%emt 0:00:02]} b5 {[%emt 0:00:02]} 13. Qg3 {[%emt 0:00:02]} b4 {[%emt 0:00:24]} 14. e5 {[%emt 0:00:03]} Ne8 {[%emt 0:00:49]} 15. exd6 {[%emt 0:00:12]} Bxd6 {[%emt 0:00:32]} 16. Ne4 {[%emt 0:00:04]} Be7 {[%emt 0:00:21]} 17. Bd3 {[%emt 0:00:13]} Bb7 {[%emt 0:00:06]} 18. Be5 {[%emt 0:00:33]} Qa5 {[%emt 0:00:09]} 19. f5 {[%emt 0:00:28]} exf5 {[%emt 0:00:09]} 20. Rxf5 {[%emt 0:00:15]} Qb6 {[%emt 0:00:06]} 21. Raf1 {[%emt 0:00:16]} Rd8 {[%emt 0:00:17]} 22. Bc7 {[%emt 0:00:16]} Qe6 {[%emt 0:00:18]} 23. Bxd8 {[%emt 0:00:03]} Bxd8 {[%emt 0:00:01]} 24. Ng5 {[%emt 0:00:10]} Bxg5 {[%emt 0:00:03]} 25. Qxg5 {[%emt 0:00:06]} g6 {[%emt 0:00:05]} 26. R5f4 {[%emt 0:00:04]} Qd6 {[%emt 0:00:04]} 27. Bc4 {[%emt 0:00:05]} 1-0

[Event "EWIBCC 2019"]
[Site "Monte-Carlo"]
[Date "2019.11.29"]
[Round "2.12"]
[White "Paasikangas-Tella, Johanna"]
[Black "Babiy, Olga"]
[Result "1-0"]
[WhiteElo "2177"]
[BlackElo "2249"]
[Annotator "NA"]
[PlyCount "54"]
[EventDate "2019.11.29"]
[EventType "swiss"]
[EventCountry "MNC"]
[SourceTitle "playchess.com"]
[Source "ChessBase"]
[SourceQuality "1"]
[TimeControl "180+2"]

1. d4 {[%emt 0:00:00]} d5 {[%emt 0:00:00]} 2. c4 {[%emt 0:00:02]} dxc4 {[%emt 0:00:00]} 3. e3 {[%emt 0:00:04]} Nf6 {[%emt 0:00:02]} 4. Bxc4 {[%emt 0:00:02]} e6 {[%emt 0:00:01]} 5. Nf3 {[%emt 0:00:04]} a6 {[%emt 0:00:01]} 6. O-O {[%emt 0:00:04]} c5 {[%emt 0:00:01]} 7. a4 {[%emt 0:00:06]} Nc6 {[%emt 0:00:03]} 8. Nc3 {[%emt 0:00:08]} Be7 {[%emt 0:00:02]} 9. Re1 {[%emt 0:00:06]} O-O {[%emt 0:00:03]} 10. Bf1 {[%emt 0:00:17]} Qc7 {[%emt 0:00:05]} 11. Qb3 {[%emt 0:00:10]} Rd8 {[%emt 0:00:23]} 12. dxc5 {[%emt 0:00:11]} Bxc5 {[%emt 0:00:03]} 13. h3 {[%emt 0:00:02]} e5 {[%emt 0:00:11]} 14. e4 {[%emt 0:00:04]} Be6 {[%emt 0:00:08]} 15. Qc2 {[%emt 0:00:14]} Nb4 {[%emt 0:00:22]} 16. Qb1 {[%emt 0:00:04]} Bb3 {[%emt 0:00:18]} 17. Re2 {[%emt 0:00:18]} Nh5 {[%emt 0:00:21]} 18. Ne1 {[%emt 0:00:10]} Ng3 {[%emt 0:00:09]} 19. Rd2 {[%emt 0:00:13]} Qb6 {[%emt 0:00:05]} 20. Nd3 {[%emt 0:00:18]} Nxf1 {[%emt 0:00:13]} 21. Nxc5 {[%emt 0:00:02]} Nxd2 {[%emt 0:00:06]} 22. Bxd2 {[%emt 0:00:02]} Rxd2 {[%emt 0:00:23]} 23. Qc1 {[%emt 0:00:23]} Rad8 {[%emt 0:00:03]} 24. Nd5 {[%emt 0:00:16]} R8xd5 {[%emt 0:00:15]} 25. exd5 {[%emt 0:00:02]} Rd1+ {[%emt 0:00:01]} 26. Qxd1 {[%emt 0:00:03]} Bxd1 {[%emt 0:00:00]} 27. Rxd1 {[%emt 0:00:01]} Qxc5 {[%emt 0:00:02]} 1-0

[Event "EWIBCC 2019"]
[Site "Monte-Carlo"]
[Date "2019.11.29"]
[Round "2.13"]
[White "Reizniece-Ozola, Dana"]
[Black "Leconte, Maria"]
[Result "1-0"]
[WhiteElo "2305"]
[BlackElo "2255"]
[Annotator "NA"]
[PlyCount "79"]
[EventDate "2019.11.29"]
[EventType "swiss"]
[EventCountry "MNC"]
[SourceTitle "playchess.com"]
[Source "ChessBase"]
[SourceQuality "1"]
[TimeControl "180+2"]

1. c4 {[%emt 0:03:02]} e5 {[%emt 0:03:02]} 2. Nc3 {[%emt 0:00:02]} Nc6 {[%emt 0:00:02]} 3. g3 f5 4. Bg2 {[%emt 0:00:04]} Nf6 5. e3 d6 {[%emt 0:00:06]} 6. Nge2 {[%emt 0:00:00]} g6 {[%emt 0:00:00]} 7. O-O {[%emt 0:00:00]} Bg7 {[%emt 0:00:00]} 8. d3 {[%emt 0:00:00]} O-O {[%emt 0:00:00]} 9. Rb1 {[%emt 0:00:00]} a5 {[%emt 0:00:00]} 10. b3 {[%emt 0:00:00]} Ne7 {[%emt 0:00:00]} 11. Bb2 {[%emt 0:00:00]} c6 {[%emt 0:00:00]} 12. Qd2 {[%emt 0:00:00]} g5 {[%emt 0:00:00]} 13. f4 {[%emt 0:00:00]} gxf4 {[%emt 0:00:00]} 14. exf4 {[%emt 0:00:00]} Ng6 {[%emt 0:00:00]} 15. Kh1 {[%emt 0:00:00]} Qb6 {[%emt 0:00:00]} 16. Na4 {[%emt 0:00:00]} Qc7 {[%emt 0:00:00]} 17. c5 {[%emt 0:00:00]} Nd5 {[%emt 0:00:00]} 18. cxd6 {[%emt 0:00:00]} Qxd6 {[%emt 0:00:00]} 19. fxe5 {[%emt 0:00:00]} Nxe5 {[%emt 0:00:00]} 20. Nf4 {[%emt 0:00:00]} b5 {[%emt 0:00:00]} 21. Nxd5 {[%emt 0:00:00]} cxd5 {[%emt 0:00:00]} 22. Nc3 {[%emt 0:00:00]} Bb7 {[%emt 0:00:00]} 23. Nxb5 {[%emt 0:00:00]} Qb6 {[%emt 0:00:00]} 24. a4 {[%emt 0:00:00]} Ng4 {[%emt 0:00:00]} 25. Bxg7 {[%emt 0:00:00]} Kxg7 {[%emt 0:00:00]} 26. d4 {[%emt 0:00:00]} Rae8 {[%emt 0:00:00]} 27. Rbe1 {[%emt 0:00:00]} Re4 {[%emt 0:00:00]} 28. Qg5+ {[%emt 0:00:10]} Qg6 {[%emt 0:00:07]} 29. Qxg6+ {[%emt 0:00:03]} hxg6 {[%emt 0:00:01]} 30. Nd6 {[%emt 0:00:05]} Rxe1 {[%emt 0:00:09]} 31. Rxe1 {[%emt 0:00:01]} Bc6 {[%emt 0:00:01]} 32. Rc1 {[%emt 0:00:06]} Ba8 {[%emt 0:00:23]} 33. Rc5 {[%emt 0:00:01]} Ne3 {[%emt 0:00:04]} 34. Rxa5 {[%emt 0:00:02]} Nc2 {[%emt 0:00:06]} 35. Bxd5 {[%emt 0:00:04]} Bxd5+ {[%emt 0:00:06]} 36. Rxd5 {[%emt 0:00:01]} Rb8 {[%emt 0:00:02]} 37. Nb5 {[%emt 0:00:33]} Re8 38. Re5 {[%emt 0:00:00]} Rc8 {[%emt 0:00:02]} 39. Rc5 {[%emt 0:00:00]} Re8 {[%emt 0:00:00]} 40. Rxc2 {[%emt 0:00:00]} 1-0

[Event "EWIBCC 2019"]
[Site "Monte-Carlo"]
[Date "2019.11.29"]
[Round "2.14"]
[White "Savina, Anastasia"]
[Black "Socko, Monika"]
[Result "0-1"]
[WhiteElo "2354"]
[BlackElo "2417"]
[Annotator "ChessBase"]
[PlyCount "136"]
[EventDate "2019.11.29"]
[EventType "swiss"]
[EventCountry "MNC"]
[SourceTitle "playchess.com"]
[Source "ChessBase"]
[SourceQuality "1"]
[TimeControl "180+2"]

1. d4 {[%emt 0:00:00]} Nf6 {[%emt 0:00:00]} 2. c4 {[%emt 0:00:02]} e6 {[%emt 0:00:01]} 3. Nc3 {[%emt 0:00:08]} Bb4 {[%emt 0:00:01]} 4. a3 {[%emt 0:00:03]} Bxc3+ {[%emt 0:00:02]} 5. bxc3 {[%emt 0:00:01]} O-O {[%emt 0:00:03]} 6. f3 {[%emt 0:00:05]} d5 {[%emt 0:00:09]} 7. e3 {[%emt 0:00:14]} b6 {[%emt 0:00:03]} 8. cxd5 {[%emt 0:00:16]} exd5 {[%emt 0:00:03]} 9. Bd3 {[%emt 0:00:03]} Ba6 {[%emt 0:00:03]} 10. Ne2 {[%emt 0:00:12]} c5 {[%emt 0:00:18]} 11. Bxa6 {[%emt 0:00:10]} Nxa6 {[%emt 0:00:01]} 12. O-O {[%emt 0:00:04]} Re8 {[%emt 0:00:10]} 13. Ng3 {[%emt 0:00:12]} Nc7 {[%emt 0:00:02]} 14. a4 {[%emt 0:00:04]} Rc8 {[%emt 0:00:15]} 15. Qd3 {[%emt 0:00:09]} Qd7 {[%emt 0:00:11]} 16. Bd2 {[%emt 0:00:18]} Ne6 {[%emt 0:00:09]} 17. Rfb1 {[%emt 0:00:24]} cxd4 {[%emt 0:00:12]} 18. cxd4 {[%emt 0:00:02]} Rc4 {[%emt 0:00:01]} 19. a5 {[%emt 0:00:05]} b5 {[%emt 0:00:03]} 20. a6 {[%emt 0:00:07]} Rb8 {[%emt 0:00:17]} 21. Bb4 {[%emt 0:00:07]} Rb6 {[%emt 0:00:17]} 22. Nf1 {[%emt 0:00:35]} Qc8 {[%emt 0:00:14]} 23. Nd2 {[%emt 0:00:05]} Rcc6 {[%emt 0:00:01]} 24. Nb3 {[%emt 0:00:05]} Rxa6 {[%emt 0:01:12]} 25. Rxa6 {[%emt 0:00:12]} Qxa6 {[%emt 0:00:00]} 26. Ra1 {[%emt 0:00:02]} Qb6 {[%emt 0:00:00]} 27. Bc5 {[%emt 0:00:06]} Nxc5 {[%emt 0:00:00]} 28. Nxc5 {[%emt 0:00:01]} a5 {[%emt 0:00:00]} 29. Qf5 {[%emt 0:00:01]} a4 {[%emt 0:00:00]} 30. g4 {[%emt 0:00:01]} h6 {[%emt 0:00:00]} 31. h4 {[%emt 0:00:01]} Qa5 {[%emt 0:00:00]} 32. g5 {[%emt 0:00:03]} Qc3 {[%emt 0:00:00]} 33. Rb1 {[%emt 0:00:03]} Qxe3+ {[%emt 0:00:00]} 34. Kg2 {[%emt 0:00:02]} Qxd4 {[%emt 0:00:00]} 35. Rxb5 {[%emt 0:00:03]} g6 {[%emt 0:00:04]} 36. Rb8+ {[%emt 0:00:02]} Kh7 {[%emt 0:00:04]} 37. Qd3 {[%emt 0:00:03]} Qxc5 {[%emt 0:00:10]} 38. gxf6 {[%emt 0:00:01]} Qc2+ {[%emt 0:00:03]} 39. Qxc2 {[%emt 0:00:01]} Rxc2+ {[%emt 0:00:01]} 40. Kg3 {[%emt 0:00:01]} Rc6 {[%emt 0:00:01]} 41. Ra8 {[%emt 0:00:01]} Rxf6 {[%emt 0:00:01]} 42. Rxa4 {[%emt 0:00:01]} Rd6 {[%emt 0:00:01]} 43. Rd4 {[%emt 0:00:02]} Kg7 {[%emt 0:00:03]} 44. Kf4 {[%emt 0:00:02]} Kf6 {[%emt 0:00:01]} 45. Ke3 {[%emt 0:00:03]} Ke6 {[%emt 0:00:01]} 46. Ra4 {[%emt 0:00:03]} f5 {[%emt 0:00:02]} 47. Kd4 {[%emt 0:00:03]} Rc6 {[%emt 0:00:02]} 48. Ra8 {[%emt 0:00:01]} Rc4+ {[%emt 0:00:01]} 49. Ke3 {[%emt 0:00:01]} Rxh4 {[%emt 0:00:01]} 50. Ra6+ {[%emt 0:00:01]} Kf7 {[%emt 0:00:01]} 51. Ra7+ {[%emt 0:00:01]} Kf6 {[%emt 0:00:00]} 52. Ra6+ {[%emt 0:00:03]} Kg5 {[%emt 0:00:01]} 53. Rd6 {[%emt 0:00:04]} d4+ {[%emt 0:00:01]} 54. Kf2 {[%emt 0:00:02]} Rh2+ {[%emt 0:00:03]} 55. Kg3 {[%emt 0:00:01]} Rd2 {[%emt 0:00:01]} 56. f4+ {[%emt 0:00:04]} Kh5 {[%emt 0:00:00]} 57. Kf3 {[%emt 0:00:03]} g5 {[%emt 0:00:03]} 58. Rd5 {[%emt 0:00:02]} g4+ {[%emt 0:00:13]} 59. Kg3 {[%emt 0:00:00]} Rd3+ {[%emt 0:00:01]} 60. Kg2 {[%emt 0:00:02]} Kh4 {[%emt 0:00:03]} 61. Rxf5 {[%emt 0:00:03]} Rd2+ {[%emt 0:00:01]} 62. Kf1 {[%emt 0:00:02]} Kg3 {[%emt 0:00:02]} 63. Rh5 {[%emt 0:00:03]} Kxf4 {[%emt 0:00:04]} 64. Rxh6 {[%emt 0:00:02]} Kg3 {[%emt 0:00:02]} 65. Rg6 {[%emt 0:00:02]} Rf2+ {[%emt 0:00:01]} 66. Kg1 {[%emt 0:00:01]} Rc2 {[%emt 0:00:01]} 67. Kf1 {[%emt 0:00:01]} d3 {[%emt 0:00:01]} 68. Rd6 {[%emt 0:00:03]} Rc1# {[%emt 0:00:13]} 0-1

[Event "EWIBCC 2019"]
[Site "Monte-Carlo"]
[Date "2019.11.29"]
[Round "2.16"]
[White "Berzina, Ilze"]
[Black "Daulyte-Cornette, Deimante"]
[Result "0-1"]
[WhiteElo "2211"]
[BlackElo "2405"]
[Annotator "ChessBase"]
[PlyCount "88"]
[EventDate "2019.11.29"]
[EventType "swiss"]
[EventCountry "MNC"]
[SourceTitle "playchess.com"]
[Source "ChessBase"]
[SourceQuality "1"]
[TimeControl "180+2"]

1. e4 {[%emt 0:00:00]} Nf6 {[%emt 0:00:00]} 2. e5 {[%emt 0:00:01]} Nd5 {[%emt 0:00:01]} 3. d4 {[%emt 0:00:01]} d6 {[%emt 0:00:01]} 4. c4 {[%emt 0:00:01]} Nb6 {[%emt 0:00:01]} 5. exd6 {[%emt 0:00:01]} cxd6 {[%emt 0:00:01]} 6. Nc3 {[%emt 0:00:03]} g6 {[%emt 0:00:01]} 7. Be3 {[%emt 0:00:01]} Bg7 {[%emt 0:00:02]} 8. Rc1 {[%emt 0:00:01]} O-O {[%emt 0:00:03]} 9. Be2 {[%emt 0:00:03]} d5 {[%emt 0:00:21]} 10. c5 {[%emt 0:00:18]} Nc4 {[%emt 0:00:04]} 11. Bxc4 {[%emt 0:00:28]} dxc4 {[%emt 0:00:02]} 12. Nf3 {[%emt 0:00:28]} Nc6 {[%emt 0:00:20]} 13. O-O {[%emt 0:00:17]} Bg4 {[%emt 0:00:03]} 14. h3 {[%emt 0:00:19]} Bxf3 {[%emt 0:00:03]} 15. Qxf3 {[%emt 0:00:01]} Nxd4 {[%emt 0:00:52]} 16. Bxd4 {[%emt 0:00:03]} Qxd4 {[%emt 0:00:04]} 17. Qxb7 {[%emt 0:00:12]} Qxc5 {[%emt 0:00:04]} 18. Ne4 {[%emt 0:00:11]} Qd4 {[%emt 0:00:15]} 19. Rfd1 {[%emt 0:00:07]} Qxb2 {[%emt 0:00:03]} 20. Qxe7 {[%emt 0:00:29]} Rae8 {[%emt 0:00:24]} 21. Qh4 {[%emt 0:00:03]} Qxa2 {[%emt 0:00:17]} 22. Rxc4 {[%emt 0:00:12]} Qe2 {[%emt 0:00:17]} 23. Rdc1 {[%emt 0:00:03]} a5 {[%emt 0:00:09]} 24. Nf6+ {[%emt 0:00:04]} Bxf6 {[%emt 0:00:02]} 25. Qxf6 {[%emt 0:00:01]} Re6 {[%emt 0:00:06]} 26. Qg5 {[%emt 0:00:03]} Rfe8 {[%emt 0:00:02]} 27. Qxa5 {[%emt 0:00:04]} Rf6 {[%emt 0:00:01]} 28. Qc5 {[%emt 0:00:04]} Re5 {[%emt 0:00:03]} 29. Qd4 {[%emt 0:00:05]} Ref5 {[%emt 0:00:06]} 30. Rc8+ {[%emt 0:00:03]} Kg7 {[%emt 0:00:01]} 31. f3 {[%emt 0:00:03]} Rg5 {[%emt 0:00:05]} 32. Qf2 {[%emt 0:00:05]} Qe6 {[%emt 0:00:03]} 33. Rd8 {[%emt 0:00:04]} Qxh3 {[%emt 0:00:02]} 34. Rcc8 {[%emt 0:00:02]} Qh5 {[%emt 0:00:05]} 35. Rg8+ {[%emt 0:00:05]} Kh6 {[%emt 0:00:00]} 36. g4 {[%emt 0:00:03]} Qh3 {[%emt 0:00:05]} 37. Qg2 {[%emt 0:00:02]} Qxg2+ {[%emt 0:00:02]} 38. Kxg2 {[%emt 0:00:01]} Rd5 {[%emt 0:00:01]} 39. Kg3 {[%emt 0:00:01]} Rd3 {[%emt 0:00:01]} 40. Kh4 {[%emt 0:00:02]} g5+ {[%emt 0:00:03]} 41. Rxg5 {[%emt 0:00:02]} Rfxf3 {[%emt 0:00:03]} 42. Rh5+ {[%emt 0:00:01]} Kg7 {[%emt 0:00:01]} 43. Rg5+ {[%emt 0:00:02]} Kf6 {[%emt 0:00:01]} 44. Rgc5 {[%emt 0:00:01]} Rh3# {[%emt 0:00:01]} 0-1

[Event "EWIBCC 2019"]
[Site "Monte-Carlo"]
[Date "2019.11.29"]
[Round "2.17"]
[White "Berend, Elvira"]
[Black "Gaprindashvili, Nona"]
[Result "1-0"]
[WhiteElo "2349"]
[BlackElo "2275"]
[Annotator "NA"]
[PlyCount "77"]
[EventDate "2019.11.29"]
[EventType "swiss"]
[EventCountry "MNC"]
[SourceTitle "playchess.com"]
[Source "ChessBase"]
[SourceQuality "1"]
[TimeControl "180+2"]

1. d4 {[%emt 0:03:02]} c5 {[%emt 0:00:00]} 2. d5 {[%emt 0:00:00]} e5 {[%emt 0:00:00]} 3. c4 {[%emt 0:00:00]} d6 {[%emt 0:00:01]} 4. e4 {[%emt 0:00:06]} g6 {[%emt 0:00:02]} 5. Nc3 {[%emt 0:00:02]} Nh6 {[%emt 0:00:02]} 6. Bd3 {[%emt 0:00:00]} Bg7 7. Nge2 {[%emt 0:00:04]} f5 {[%emt 0:03:09]} 8. f4 {[%emt 0:00:00]} Qh4+ {[%emt 0:00:00]} 9. g3 {[%emt 0:00:00]} Qh5 {[%emt 0:00:00]} 10. fxe5 {[%emt 0:00:00]} dxe5 {[%emt 0:00:00]} 11. Nb5 {[%emt 0:00:00]} Kd8 {[%emt 0:00:00]} 12. Nd6 {[%emt 0:00:00]} Rf8 {[%emt 0:00:00]} 13. Be3 {[%emt 0:00:00]} Bd7 {[%emt 0:00:00]} 14. Nxb7+ {[%emt 0:00:00]} Kc7 {[%emt 0:00:00]} 15. Nxc5 {[%emt 0:00:00]} Ng4 {[%emt 0:00:00]} 16. Bg1 {[%emt 0:00:00]} f4 {[%emt 0:00:00]} 17. Qb3 {[%emt 0:00:00]} Bc8 {[%emt 0:00:00]} 18. d6+ {[%emt 0:00:00]} Kd8 {[%emt 0:00:00]} 19. Nb7+ {[%emt 0:00:00]} Ke8 {[%emt 0:00:00]} 20. O-O-O {[%emt 0:00:00]} f3 {[%emt 0:00:00]} 21. Nc5 {[%emt 0:00:01]} Nd7 {[%emt 0:00:00]} 22. Ne6 {[%emt 0:00:06]} f2 {[%emt 0:00:00]} 23. Nxg7+ {[%emt 0:00:02]} Kd8 {[%emt 0:00:00]} 24. Nxh5 {[%emt 0:00:01]} gxh5 {[%emt 0:00:00]} 25. Nc3 {[%emt 0:00:06]} Rb8 {[%emt 0:00:00]} 26. Qa3 {[%emt 0:00:01]} fxg1=Q 27. Rhxg1 {[%emt 0:00:01]} Nf2 {[%emt 0:00:00]} 28. Qa5+ {[%emt 0:00:01]} Ke8 {[%emt 0:00:00]} 29. Nd5 {[%emt 0:00:02]} Nxd1 {[%emt 0:00:00]} 30. Nc7+ {[%emt 0:00:00]} Kf7 {[%emt 0:00:00]} 31. Qd5+ {[%emt 0:00:01]} Kg7 {[%emt 0:00:00]} 32. Rxd1 {[%emt 0:00:01]} Rf2 {[%emt 0:00:00]} 33. Ne6+ {[%emt 0:00:02]} Kh6 {[%emt 0:00:00]} 34. b3 {[%emt 0:00:02]} Nf6 {[%emt 0:00:00]} 35. Qxe5 {[%emt 0:00:01]} Bxe6 {[%emt 0:00:07]} 36. Qxe6 {[%emt 0:00:00]} Rxa2 {[%emt 0:00:06]} 37. Bc2 {[%emt 0:00:02]} Ra1+ {[%emt 0:00:02]} 38. Kb2 {[%emt 0:00:00]} Rxd1 {[%emt 0:00:02]} 39. Qxf6# {[%emt 0:00:01]} 1-0

[Event "EWIBCC 2019"]
[Site "Monte-Carlo"]
[Date "2019.11.29"]
[Round "2.18"]
[White "Zvereva, Marija"]
[Black "Benmesbah, Natacha"]
[Result "0-1"]
[WhiteElo "2154"]
[BlackElo "2265"]
[Annotator "ChessBase"]
[PlyCount "85"]
[EventDate "2019.11.29"]
[EventType "swiss"]
[EventCountry "MNC"]
[SourceTitle "playchess.com"]
[Source "ChessBase"]
[SourceQuality "1"]
[TimeControl "180+2"]

1. e4 {[%emt 0:00:00]} c5 {[%emt 0:00:00]} 2. Nf3 {[%emt 0:00:01]} Nc6 {[%emt 0:00:00]} 3. Bb5 {[%emt 0:00:02]} g6 {[%emt 0:00:01]} 4. Nc3 {[%emt 0:00:02]} Bg7 {[%emt 0:00:02]} 5. d3 {[%emt 0:00:01]} Nf6 {[%emt 0:00:04]} 6. Be3 {[%emt 0:00:03]} d6 {[%emt 0:00:05]} 7. h3 {[%emt 0:00:05]} Bd7 {[%emt 0:00:04]} 8. Qd2 {[%emt 0:00:04]} O-O {[%emt 0:00:23]} 9. a4 {[%emt 0:00:27]} e6 {[%emt 0:00:42]} 10. Bh6 {[%emt 0:00:06]} d5 {[%emt 0:00:07]} 11. e5 {[%emt 0:00:10]} Ne8 {[%emt 0:00:01]} 12. Bg5 {[%emt 0:00:23]} Qc7 {[%emt 0:00:04]} 13. Bxc6 {[%emt 0:00:03]} Bxc6 {[%emt 0:00:02]} 14. d4 {[%emt 0:00:39]} cxd4 {[%emt 0:00:21]} 15. Qxd4 {[%emt 0:00:02]} f6 {[%emt 0:00:03]} 16. exf6 {[%emt 0:00:13]} Nxf6 {[%emt 0:00:01]} 17. Qe3 {[%emt 0:00:16]} Rae8 {[%emt 0:00:04]} 18. Ne5 {[%emt 0:00:06]} Ne4 {[%emt 0:00:04]} 19. Nxc6 {[%emt 0:00:03]} Bxc3+ {[%emt 0:01:00]} 20. bxc3 {[%emt 0:00:07]} Qxc6 {[%emt 0:00:01]} 21. O-O {[%emt 0:00:04]} Qxc3 {[%emt 0:00:02]} 22. Qxc3 {[%emt 0:00:05]} Nxc3 {[%emt 0:00:02]} 23. Ra3 {[%emt 0:00:02]} Ne4 {[%emt 0:00:02]} 24. Be3 {[%emt 0:00:02]} b6 {[%emt 0:00:00]} 25. a5 {[%emt 0:00:44]} bxa5 {[%emt 0:00:02]} 26. Rxa5 {[%emt 0:00:00]} Rf7 {[%emt 0:00:00]} 27. Rxa7 {[%emt 0:00:00]} Rxa7 {[%emt 0:00:01]} 28. Bxa7 {[%emt 0:00:00]} Rc8 {[%emt 0:00:00]} 29. Rc1 {[%emt 0:00:00]} Rc4 {[%emt 0:00:02]} 30. f3 {[%emt 0:00:00]} Nc3 {[%emt 0:00:04]} 31. Kf1 {[%emt 0:00:00]} Nb5 {[%emt 0:00:01]} 32. Bb6 {[%emt 0:00:00]} Na3 {[%emt 0:00:02]} 33. c3 {[%emt 0:00:00]} Nb5 {[%emt 0:00:02]} 34. Ba5 {[%emt 0:00:00]} d4 {[%emt 0:00:02]} 35. Rb1 {[%emt 0:00:00]} Nxc3 {[%emt 0:00:01]} 36. Rb8+ {[%emt 0:00:02]} Kg7 {[%emt 0:00:02]} 37. Ke1 {[%emt 0:00:01]} Nd5 {[%emt 0:00:01]} 38. Kd2 {[%emt 0:00:03]} Ra4 {[%emt 0:00:01]} 39. Bd8 {[%emt 0:00:06]} Ra2+ {[%emt 0:00:01]} 40. Kd3 {[%emt 0:00:01]} e5 {[%emt 0:00:08]} 41. Rb7+ {[%emt 0:00:02]} Kh6 {[%emt 0:00:02]} 42. h4 {[%emt 0:00:04]} Nf4+ {[%emt 0:00:02]} 43. Ke4 0-1

[Event "EWIBCC 2019"]
[Site "Monte-Carlo"]
[Date "2019.11.29"]
[Round "2.19"]
[White "Mkrtchian, Lilit"]
[Black "Semenova, Elena"]
[Result "1/2-1/2"]
[WhiteElo "2402"]
[BlackElo "2282"]
[Annotator "ChessBase"]
[PlyCount "71"]
[EventDate "2019.11.29"]
[EventType "swiss"]
[EventCountry "MNC"]
[SourceTitle "playchess.com"]
[Source "ChessBase"]
[SourceQuality "1"]
[TimeControl "180+2"]

1. c4 {[%emt 0:00:00]} Nf6 {[%emt 0:00:00]} 2. Nc3 {[%emt 0:00:02]} e6 {[%emt 0:00:00]} 3. e4 {[%emt 0:00:06]} d5 {[%emt 0:00:00]} 4. e5 {[%emt 0:00:08]} d4 {[%emt 0:00:02]} 5. exf6 {[%emt 0:00:03]} dxc3 {[%emt 0:00:01]} 6. bxc3 {[%emt 0:00:12]} Qxf6 {[%emt 0:00:04]} 7. Nf3 {[%emt 0:00:03]} b6 {[%emt 0:00:01]} 8. d4 {[%emt 0:00:11]} h6 {[%emt 0:00:05]} 9. Be2 {[%emt 0:00:05]} Bb7 {[%emt 0:00:02]} 10. O-O {[%emt 0:00:04]} Bd6 {[%emt 0:00:11]} 11. Rb1 {[%emt 0:00:11]} Be4 {[%emt 0:00:17]} 12. Bd3 {[%emt 0:00:11]} Bxd3 {[%emt 0:00:12]} 13. Qxd3 {[%emt 0:00:01]} O-O {[%emt 0:00:02]} 14. Qe4 {[%emt 0:00:52]} Nd7 {[%emt 0:00:01]} 15. Be3 {[%emt 0:00:05]} Rad8 {[%emt 0:00:22]} 16. h3 {[%emt 0:00:08]} Rfe8 {[%emt 0:00:02]} 17. Rfe1 {[%emt 0:00:06]} Qf5 {[%emt 0:00:20]} 18. Qxf5 exf5 {[%emt 0:00:01]} 19. Bd2 {[%emt 0:00:15]} Re4 {[%emt 0:00:08]} 20. Kf1 {[%emt 0:00:04]} Rde8 {[%emt 0:00:02]} 21. a4 {[%emt 0:00:09]} Nb8 {[%emt 0:00:31]} 22. Rb5 {[%emt 0:00:03]} g6 {[%emt 0:00:19]} 23. Bxh6 {[%emt 0:00:05]} Nc6 {[%emt 0:00:05]} 24. Rxe4 {[%emt 0:00:21]} fxe4 {[%emt 0:00:05]} 25. Nd2 {[%emt 0:00:01]} a6 {[%emt 0:00:11]} 26. Rb1 {[%emt 0:00:03]} f5 {[%emt 0:00:08]} 27. g3 {[%emt 0:00:08]} Kf7 {[%emt 0:00:04]} 28. h4 {[%emt 0:00:01]} Na5 {[%emt 0:00:10]} 29. Be3 {[%emt 0:00:03]} Kf6 {[%emt 0:00:06]} 30. Ke2 {[%emt 0:00:09]} Rf8 {[%emt 0:00:10]} 31. Rh1 {[%emt 0:00:02]} Rh8 {[%emt 0:00:01]} 32. Bg5+ {[%emt 0:00:01]} Ke6 {[%emt 0:00:02]} 33. Be3 {[%emt 0:00:03]} Kf6 {[%emt 0:00:02]} 34. Bg5+ {[%emt 0:00:02]} Ke6 {[%emt 0:00:01]} 35. Be3 {[%emt 0:00:03]} Kf6 {[%emt 0:00:01]} 36. Bg5+ {[%emt 0:00:11] Ke5} 1/2-1/2